Language Quiz

Random Language or Letter Quiz

'H' in the Middle Quiz Stats

 Plays Quiz Updated Aug 28, 2017

Also try: 'W' in the Middle
Challenge
Share
Tweet
Embed
Score 0/26 Timer 05:00
1 Play Today
Clue _ _ H _ _ % Correct
Lindsay of 'Mean Girls'Lohan
87.9%
Theater employee who seats youusher
82.2%
Google competitorYahoo
76.8%
'The ___ Boleyn Girl'Other
73.9%
'Gesundheit' precederachoo
72.5%
Lake near Reno or Chevy truck modelTahoe
68.3%
Dislike intenselyabhor
66.5%
Addict's programrehab
62.1%
Old 19th century anestheticether
59.1%
One of the Three MusketeersAthos
59%
Rose garden pestaphid
58.5%
Pale or wanashen
51.5%
Set of guiding beliefsethos
48.9%
Clue _ _ H _ _ % Correct
Jawaharlal who was Prime Minister of IndiaNehru
40.3%
Earthy pigmentocher
40%
A crusade based on beliefs or sometimes religious dutyjihad
38.7%
George M. who wrote 'Yankee Doodle Dandy'Cohan
36.6%
Pendragon who is the father of King ArthurUther
31.6%
Architect Frank who designed the Guggenheim in BilbaoGehry
24.8%
əschwa
24.8%
One who performs the Jewish ritual circumcisionmohel
22.8%
Large game fish (or the UVA mascot)wahoo
21.4%
The blood of the Greek godsichor
17.4%
Old Testament book between Micah and HabakkukNahum
17.1%
An interjection of disbelief or irritationpshaw
10.7%
Chowderhead or jerkschmo
5.6%

You're not logged in!

Compare scores with friends on all Sporcle quizzes.
OR
Log In

You Might Also Like...

Show Comments

Extras

Top Quizzes Today


Score Distribution

Your Account Isn't Verified!

In order to create a playlist on Sporcle, you need to verify the email address you used during registration. Go to your Sporcle Settings to finish the process.

Report this User

Report this user for behavior that violates our Community Guidelines.

Details: